Statistics for Countries with a Similar Shape #1

Click here to take the quiz!

General Stats

  • This quiz has been taken 191 times
  • The average score is 4 of 6

Answer Stats

Country % Correct
United Kingdom
99%
Finland
83%
Pakistan
83%
Laos
83%
Guyana
53%
Liechtenstein
42%

Score Distribution

Percentile by Number Answered

Percent of People with Each Score

Your Score History

You have not taken this quiz